• 首页
  • 本馆介绍
  • 公告通知
  • 最新文献
  • 馆藏检索
  • 电子资源
  • 读者导购
  • 参考咨询
  • 我的图书馆
  • 登录
  • 详细信息显示
  • 放入我的书架
  • 预约/预借图书
  • 作者相关作品
  • 分类相关作品
  • 丛书相关作品
  • 出版社相关作品

书目信息

  • 表格格式
  • 工作单格式
  • 卡片格式
题名:
杜威实用主义教育思想与论著选读
    
 
作者: 冯克诚 主编
分册: 上  
出版信息: 北京   人民武警出版社  2010
页数: 275页
开本: 23cm
丛书名: 教师必读文库
单 册:
中图分类: G40-097.12
科图分类:
主题词: 实用主义教育思想
电子资源:
ISBN: 978-7-80176-453-9
000 01023oam2 2200277 45
001 1237570419
005 20120618100947.17
010    @a978-7-80176-453-9@dCNY39.80(全2册79.60)
100    @a20120408d20112010 em y0chiy50 ea
101 0  @achi
102    @aCN@b110000
105    @ay z 000yy
106    @ar
200 1  @a杜威实用主义教育思想与论著选读@ADu Wei Shi Yong Zhu Yi Jiao Yu Si Xiang Yu Lun Zhu Xuan Dou@h上@HShang@f冯克诚主编@FFeng Ke Cheng Zhu Bian
210    @a北京@c人民武警出版社@d2010@h2011
215    @a275页@d23cm
225 2  @a教师必读文库@i外国教育名家名著精读丛书
330    @a本书主要内容包括:实用主义教育思想与教育论著选读;杜伟教育活动与实用主义教育思想等。
461  0 @12001 @a教师必读文库
600  0 @a杜威@c(Dewey, John@f1859-1952)@x实用主义教育思想@x思想史
600  0 @a杜威@c(Dewey, John@f1859-1952)
606 0  @a实用主义教育思想
690    @aG40-097.12@v4
701  0 @a冯克诚@AFeng Ke Cheng@4主编
801  0 @aCN@bTSTCL@c20120604
905    @b0816748-51@dG40-097.12@e599:1@f4
    
    杜威实用主义教育思想与论著选读.上/冯克诚主编.-北京:人民武警出版社,2010(2011)
    275页;23cm.-(教师必读文库.外国教育名家名著精读丛书)
    
    
    ISBN 978-7-80176-453-9:CNY39.80(全2册79.60)
    本书主要内容包括:实用主义教育思想与教育论著选读;杜伟教育活动与实用主义教育思想等。
●
相关链接 在E读中查询图书 在五车中查询图书 在当当中查询图书 在豆瓣中查询图书


正题名:杜威实用主义教育思想与论著选读     索取号:G40-097.12/599:1         预约/预借

序号 登录号 条形码 馆藏地/架位号 状态 备注
1 0816748   208167482   第一样本阅览室/ [索取号:G40-097.12/599:1] 在馆    
2 0816749   208167491   教育系资料室/ [索取号:G40-097.12/599:1] 在馆    
3 0816750   208167507   第四借阅区/ [索取号:G40-097.12/599:1] 在馆    
4 0816751   208167516   第四借阅区/ [索取号:G40-097.12/599:1] 在馆    
唐山师范学院图书馆 欢迎您!
大连网信软件有限公司© 版权所有